The bad-tempered man : (Record no. 21737)
[ view plain ]
| 000 -LEADER | |
|---|---|
| fixed length control field | 00936cam a22002771 4500 |
| 001 - CONTROL NUMBER | |
| control field | 21737 |
| 003 - CONTROL NUMBER IDENTIFIER | |
| rucl marc code | BD-RjUL |
| 005 - DATE AND TIME OF LATEST TRANSACTION | |
| control field | 20211209000725.0 |
| 008 - FIXED-LENGTH DATA ELEMENTS--GENERAL INFORMATION | |
| fixed length control field | 140305s1960 enk 000 0 eng |
| 035 ## - SYSTEM CONTROL NUMBER | |
| System control number | (BD-RjUL)21802 |
| System control number | (OCoLC)8241033 |
| 040 ## - CATALOGING SOURCE | |
| Original cataloging agency | DLC |
| Transcribing agency | WaChenE |
| Modifying agency | OCoLC |
| -- | ODaWU |
| -- | OCoLC |
| -- | Uk |
| -- | DLC |
| -- | BD-RjUL |
| Language of cataloging | eng |
| 041 ## - LANGUAGE CODE | |
| Language code of text/sound track or separate title | eng |
| 082 ## - DEWEY DECIMAL CLASSIFICATION NUMBER | |
| Classification number | 882 |
| Author mark and year | MEB 1960 |
| 100 0# - MAIN ENTRY--PERSONAL NAME | |
| Personal name | Menander, |
| 9 (RLIN) | 67125 |
| 245 14 - TITLE STATEMENT | |
| Title | The bad-tempered man : |
| Remainder of title | or the misanthrope : a play in five scenes / |
| Statement of responsibility, etc. | Translated by Philip Vellacott. With a foreword by Christopher Fry. |
| 260 ## - PUBLICATION, DISTRIBUTION, ETC. (IMPRINT) | |
| Place of publication, distribution, etc. | London ; |
| -- | New York : |
| Name of publisher, distributor, etc. | Oxford Univerisity Press, |
| Date of publication, distribution, etc. | c1960. |
| 300 ## - PHYSICAL DESCRIPTION | |
| Pagination | xxi, 50 p. ; |
| Size | 19 cm. |
| 500 ## - GENERAL NOTE | |
| General note | Translation of Misoumenos. |
| 651 ## - SUBJECT ADDED ENTRY--GEOGRAPHIC NAME | |
| Geographic name | Greek drama |
| Relator term | Translations into English. |
| 9 (RLIN) | 67126 |
| 700 1# - ADDED ENTRY--PERSONAL NAME | |
| Personal name | Vellacott, Philip. |
| 942 ## - ADDED ENTRY ELEMENTS (KOHA) | |
| Source of classification or shelving scheme | Dewey Decimal Classification |
| Koha item type | Books |
| Lost status | Source of classification or shelving scheme | Damaged status | Not for loan | Collection code | Permanent Location | Current Location | Shelving location | Date acquired | Source of acquisition | Cost, normal purchase price | Total Checkouts | Full call number | Date last seen | Copy number | Koha item type |
|---|---|---|---|---|---|---|---|---|---|---|---|---|---|---|---|
| Dewey Decimal Classification | Added to bundle | Fiction | Central Library, University of Rajshahi | Central Library, University of Rajshahi | Reading Room | 06/03/1970 | Zetlinger | 15.00 | 882 MEB 1960 | 05/03/2014 | C-1 | Books |